All 50k+ Cities in South America with a Map - Statistics

General Stats
  • This quiz has been taken 1,045 times
  • The average score is 97 of 1018
Answers on the Map
Answers color-coded by a green-red scale on the quiz's map according to % correct below.
 
Answer Stats
Place Country / State Population City % Correct
Brazil Rio de Janeiro 6,747,820 Rio de Janeiro
95%
Rest of South America Chile 5,220,161 Santiago
90%
Rest of South America Argentina 252,192 Santiago del Estero
90%
Rest of South America Peru 10,795,500 Lima
89%
Brazil São Paulo 12,214,440 São Paulo
89%
Rest of South America Argentina 3,028,481 Buenos Aires
88%
Rest of South America Colombia 7,715,800 Bogotá
87%
Rest of South America Ecuador 1,607,734 Quito
87%
Rest of South America Venezuela 2,087,700 Caracas
86%
Rest of South America Bolivia 758,845 La Paz
86%
Rest of South America Uruguay 1,304,687 Montevideo
86%
Brazil Distrito Federal 2,950,600 Brasília
85%
Brazil Minas Gerais 89,610 Pará de Minas
82%
Rest of South America Paraguay 521,600 Asunción
80%
Rest of South America Bolivia 238,798 Sucre
78%
Rest of South America Guyana 118,369 Georgetown
77%
Brazil Amazonas 2,208,330 Manaus
77%
Rest of South America Colombia 2,490,200 Medellín
76%
Rest of South America Suriname 240,924 Paramaribo
76%
Rest of South America Venezuela 69,300 Santa Cruz de Mara
75%
Rest of South America Argentina 1,317,298 Córdoba
72%
Brazil Bahia 2,885,910 Salvador
71%
Rest of South America Colombia 2,205,700 Cali
70%
Brazil Rio Grande do Sul 1,488,250 Porto Alegre
70%
Rest of South America Ecuador 2,278,691 Guayaquil
69%
Brazil Pernambuco 1,653,460 Recife
67%
Brazil Pará 1,486,810 Belém
66%
Brazil Ceará 2,686,610 Fortaleza
66%
Rest of South America Bolivia 1,442,396 Santa Cruz
66%
Brazil Rio Grande do Sul 116,730 Santa Cruz do Sul
66%
Rest of South America Peru 477,300 Cusco
63%
Rest of South America Venezuela 75,900 La Villa del Rosario
63%
Rest of South America Argentina 948,312 Rosario
63%
Rest of South America Colombia 108,000 Villa del Rosario
63%
Rest of South America Colombia 536,400 Bello
62%
Rest of South America Colombia 1,273,600 Barranquilla
61%
Rest of South America France 61,268 Cayenne
59%
Brazil Minas Gerais 2,521,560 Belo Horizonte
58%
Rest of South America Venezuela 2,262,600 Maracaibo
58%
Brazil Paraná 1,948,630 Curitiba
56%
Rest of South America Chile 252,888 Valparaíso
55%
Brazil Goiás 172,140 Valparaíso de Goiás
54%
Rest of South America Colombia 914,600 Cartagena
53%
Rest of South America Venezuela 1,585,500 Valencia
51%
Brazil Rio Grande do Norte 890,480 Natal
50%
Rest of South America Peru 1,081,900 Arequipa
48%
Rest of South America Argentina 114,893 Mendoza
48%
Brazil Maranhão 1,047,440 São Luís
47%
Rest of South America Argentina 56,593 Ushuaia
46%
Rest of South America Argentina 109,123 San Juan
45%
Brazil Goiás 1,530,290 Goiânia
43%
Rest of South America Argentina 391,164 Santa Fe
43%
Rest of South America Bolivia 632,013 Cochabamba
42%
Brazil São Paulo 1,192,920 Campinas
41%
Brazil Santa Catarina 489,550 Florianópolis
41%
Rest of South America Chile 352,638 Antofagasta
40%
Brazil Rio Grande do Sul 269,890 Santa Maria
40%
Rest of South America Venezuela 454,200 Barcelona
39%
Rest of South America Argentina 643,133 La Plata
39%
Brazil São Paulo 433,330 Santos
39%
Brazil Piauí 51,990 Floriano
38%
Rest of South America Argentina 276,190 San Miguel
38%
Rest of South America Argentina 548,866 San Miguel de Tucumán
38%
Rest of South America Chile 219,057 Concepción
36%
Rest of South America Paraguay 63,500 Concepción
36%
Rest of South America Peru 986,800 Trujillo
36%
Rest of South America Argentina 520,683 Salta
35%
Brazil Espírito Santo 365,860 Vitória
35%
Rest of South America Argentina 72,528 Concepción del Uruguay
34%
Rest of South America Venezuela 75,100 La Concepción
34%
Rest of South America Argentina 247,139 Paraná
34%
Rest of South America Chile 125,932 Punta Arenas
33%
Rest of South America Peru 422,900 Iquitos
32%
Rest of South America Argentina 169,947 San Luis
32%
Rest of South America Venezuela 425,000 Ciudad Bolívar
31%
Rest of South America Argentina 593,337 Mar del Plata
31%
Rest of South America Argentina 66,475 Río Grande
30%
Rest of South America Paraguay 304,300 Ciudad del Este
29%
Rest of South America Bolivia 176,022 Potosí
29%
Rest of South America Colombia 597,300 Bucaramanga
28%
Brazil Mato Grosso do Sul 893,940 Campo Grande
28%
Brazil Paraíba 814,430 João Pessoa
28%
Rest of South America Argentina 59,131 San Pedro
28%
Rest of South America Chile 204,078 Arica
27%
Brazil Roraima 410,040 Boa Vista
26%
Brazil Mato Grosso 606,590 Cuiabá
26%
Brazil Alagoas 1,024,680 Maceió
26%
Rest of South America Venezuela 464,700 Maracay
26%
Rest of South America Argentina 291,327 Bahía Blanca
25%
Rest of South America Venezuela 1,089,100 Barquisimeto
25%
Rest of South America Ecuador 329,928 Cuenca
25%
Brazil Rondônia 491,790 Porto Velho
25%
Brazil São Paulo 118,890 Salto
25%
Rest of South America Uruguay 104,011 Salto
25%
Brazil Piauí 818,320 Teresina
25%
Rest of South America Chile 334,248 Viña del Mar
25%
Rest of South America Chile 189,065 Iquique
24%
Rest of South America Argentina 231,198 Neuquén
24%
Rest of South America Chile 171,136 Puerto Montt
24%
Brazil Acre 379,590 Rio Branco
24%
Rest of South America Argentina 257,970 San Salvador de Jujuy
24%
Brazil Paraná 256,100 Foz do Iguaçu
23%
Brazil São Paulo 1,392,120 Guarulhos
23%
Brazil Amapá 491,020 Macapá
23%
Rest of South America Argentina 175,196 Comodoro Rivadavia
22%
Rest of South America Argentina 222,226 Formosa
22%
Brazil Goiás 113,720 Formosa
22%
Rest of South America Colombia 120,800 Madrid
22%
Rest of South America Colombia 484,000 Santa Marta
22%
Brazil Minas Gerais 679,710 Uberlândia
22%
Rest of South America Venezuela 893,400 Ciudad Guayana
21%
Rest of South America Colombia 748,900 Cúcuta
21%
Rest of South America Bolivia 846,880 El Alto
21%
Brazil Pará 224,510 Santarém
21%
Rest of South America Argentina 102,860 Santa Rosa
21%
Brazil Rio Grande do Sul 64,760 Santa Rosa
21%
Rest of South America Colombia 52,800 El Carmen de Bolívar
20%
Rest of South America Peru 310,600 Ica
20%
Rest of South America Bolivia 264,943 Oruro
20%
Brazil Tocantins 297,460 Palmas
20%
Rest of South America Argentina 109,305 San Carlos de Bariloche
20%
Rest of South America Argentina 61,750 San Francisco
20%
Rest of South America Ecuador 270,875 Santo Domingo
20%
Rest of South America Colombia 59,200 Granada
19%
Rest of South America Venezuela 289,800 Mérida
19%
Rest of South America Chile 86,569 San Antonio
19%
Rest of South America Paraguay 70,000 San Antonio
19%
Rest of South America Venezuela 166,400 San Fernando de Apure
19%
Brazil Santa Catarina 247,210 São José
19%
Rest of South America Peru 321,700 Tacna
19%
Rest of South America Chile 150,727 Valdivia
19%
Brazil Sergipe 664,910 Aracaju
18%
Brazil São Paulo 76,360 Cajamar
18%
Rest of South America Argentina 346,334 Corrientes
18%
Rest of South America Chile 196,178 La Serena
18%
Rest of South America Argentina 160,284 San Fernando
18%
Rest of South America Chile 58,598 San Fernando
18%
Brazil Paraná 129,430 Toledo
18%
Brazil Rio de Janeiro 921,480 Duque de Caxias
17%
Brazil Santa Catarina 577,430 Joinville
17%
Brazil Paraná 560,410 Londrina
17%
Rest of South America Chile 143,563 Los Ángeles
17%
Rest of South America Peru 522,400 Piura
17%
Rest of South America Peru 137,800 Puno
17%
Rest of South America Argentina 95,796 Río Gallegos
17%
Rest of South America Peru 223,900 Cajamarca
16%
Rest of South America Argentina 178,872 La Rioja
16%
Brazil Rio de Janeiro 291,510 Petrópolis
16%
Brazil Rio Grande do Sul 203,580 Rio Grande
16%
Rest of South America Colombia 90,300 Rionegro
16%
Rest of South America Venezuela 107,100 San Carlos de Austria
16%
Rest of South America Venezuela 284,600 San Cristóbal
16%
Rest of South America Venezuela 50,500 San Juan de Colón
16%
Rest of South America Argentina 414,196 San Martín
16%
Rest of South America Argentina 79,476 San Martín
16%
Rest of South America Argentina 159,139 Catamarca
15%
Rest of South America Peru 651,100 Chiclayo
15%
Rest of South America Peru 441,400 Huancayo
15%
Rest of South America Colombia 305,400 Pasto
15%
Brazil Rio Grande do Sul 320,050 Pelotas
15%
Rest of South America Chile 236,377 Temuco
15%
Rest of South America Peru 235,200 Ayacucho
14%
Brazil Santa Catarina 345,180 Blumenau
14%
Brazil Maranhão 126,480 Caxias
14%
Brazil Rio Grande do Sul 498,260 Caxias do Sul
14%
Rest of South America Ecuador 154,035 Esmeraldas
14%
Brazil Minas Gerais 66,740 Esmeraldas
14%
Rest of South America Colombia 399,300 Pereira
14%
Rest of South America Argentina 275,028 Posadas
14%
Rest of South America Argentina 290,723 Resistencia
14%
Brazil São Paulo 709,800 Ribeirão Preto
14%
Brazil São Paulo 192,860 Santa Bárbara d'Oeste
14%
Brazil Rio de Janeiro 1,090,940 São Gonçalo
14%
Rest of South America Venezuela 231,600 Coro
13%
Brazil Rio de Janeiro 515,320 Niterói
13%
Rest of South America Argentina 582,943 Quilmes
13%
Rest of South America Paraguay 258,900 San Lorenzo
13%
Rest of South America Bolivia 179,561 Tarija
13%
Rest of South America Bolivia 101,628 Trinidad
13%
Rest of South America Colombia 297,100 Armenia
12%
Rest of South America Colombia 238,600 Buenaventura
12%
Brazil Rio de Janeiro 461,560 Campos dos Goytacazes
12%
Brazil Santa Catarina 205,200 Chapecó
12%
Rest of South America Chile 150,962 Copiapó
12%
Rest of South America Chile 205,760 Coquimbo
12%
Rest of South America Colombia 502,000 Ibagué
12%
Rest of South America Ecuador 217,553 Manta
12%
Brazil Rio Grande do Sul 242,750 Novo Hamburgo
12%
Rest of South America Uruguay 76,412 Paysandú
12%
Brazil Amapá 120,480 Santana
12%
Brazil São Paulo 830,360 São Bernardo do Campo
12%
Rest of South America Argentina 97,915 Trelew
12%
Brazil Minas Gerais 329,560 Uberaba
12%
Brazil Pará 82,680 Bragança
11%
Brazil São Paulo 165,320 Bragança Paulista
11%
Rest of South America Chile 158,487 Calama
11%
Brazil Paraíba 392,560 Campina Grande
11%
Rest of South America Argentina 149,450 Concordia
11%
Brazil Santa Catarina 60,100 Concórdia
11%
Brazil Ceará 63,390 Horizonte
11%
Brazil Minas Gerais 566,770 Juiz de Fora
11%
Rest of South America Uruguay 62,590 Maldonado
11%
Brazil Paraná 422,420 Maringá
11%
Brazil São Paulo 699,940 Osasco
11%
Brazil Pernambuco 264,220 Petrolina
11%
Rest of South America Argentina 81,315 Puerto Madryn
11%
Rest of South America Argentina 370,913 Tigre
11%
Rest of South America Colombia 502,000 Villavicencio
11%
Rest of South America Argentina 342,677 Avellaneda
10%
Brazil Paraná 313,570 Cascavel
10%
Brazil Ceará 61,330 Cascavel
10%
Brazil Santa Catarina 214,280 Criciúma
10%
Brazil São Paulo 80,470 Cruzeiro
10%
Brazil Bahia 568,400 Feira de Santana
10%
Brazil Pernambuco 61,410 Goiana
10%
Brazil São Paulo 164,320 Itu
10%
Rest of South America Peru 81,100 Jaén
10%
Rest of South America Peru 308,400 Juliaca
10%
Rest of South America Argentina 459,263 Lanús
10%
Rest of South America Venezuela 112,900 La Victoria
10%
Rest of South America Ecuador 170,280 Loja
10%
Rest of South America Colombia 420,900 Manizales
10%
Brazil Rio de Janeiro 814,310 Nova Iguaçu
10%
Brazil Bahia 123,540 Porto Seguro
10%
Brazil São Paulo 225,670 Presidente Prudente
10%
Rest of South America Peru 380,000 Pucallpa
10%
Brazil Mato Grosso 227,050 Rondonópolis
10%
Rest of South America Argentina 118,009 San Rafael
10%
Rest of South America Venezuela 54,700 San Rafael del Moján
10%
Brazil São Paulo 244,290 São Carlos
10%
Rest of South America Chile 237,295 Talca
10%
Brazil Rio Grande do Sul 118,750 Uruguaiana
10%
Brazil Goiás 384,910 Anápolis
9%
Brazil Rio de Janeiro 173,790 Cabo Frio
9%
Rest of South America Peru 386,100 Chimbote
9%
Brazil Minas Gerais 269,970 Governador Valadares
9%
Brazil Maranhão 245,760 Imperatriz
9%
Brazil Bahia 177,180 Juazeiro
9%
Rest of South America Argentina 97,363 Luján
9%
Rest of South America Ecuador 231,260 Machala
9%
Rest of South America Colombia 395,200 Montería
9%
Rest of South America Colombia 340,500 Neiva
9%
Brazil Pernambuco 385,370 Olinda
9%
Brazil Paraná 347,490 Ponta Grossa
9%
Rest of South America Colombia 267,400 Popayán
9%
Rest of South America Chile 568,094 Puente Alto
9%
Rest of South America Chile 231,890 Rancagua
9%
Brazil Goiás 223,880 Rio Verde
9%
Rest of South America Uruguay 64,465 Rivera
9%
Rest of South America Venezuela 174,300 San Felipe
9%
Rest of South America Chile 64,484 San Felipe
9%
Brazil São Paulo 721,370 Santo André
9%
Rest of South America Peru 70,800 San Vicente de Cañete
9%
Brazil São Paulo 436,770 São José do Rio Preto
9%
Brazil Rio de Janeiro 99,140 São Pedro da Aldeia
9%
Brazil São Paulo 367,660 São Vicente
9%
Brazil Espírito Santo 523,610 Serra
9%
Rest of South America Colombia 664,100 Soledad
9%
Brazil São Paulo 680,360 Sorocaba
9%
Rest of South America Argentina 116,916 Tandil
9%
Rest of South America Peru 107,500 Tumbes
9%
Rest of South America Colombia 468,200 Valledupar
9%
Rest of South America Ecuador 165,185 Ambato
8%
Brazil Santa Catarina 145,800 Balneário Camboriú
8%
Brazil São Paulo 372,950 Bauru
8%
Rest of South America Peru 61,800 Cerro de Pasco
8%
Rest of South America Chile 164,574 Chillán
8%
Brazil São Paulo 349,650 Franca
8%
Rest of South America Peru 214,800 Huánuco
8%
Brazil Bahia 134,790 Ilhéus
8%
Brazil São Paulo 404,810 Jundiaí
8%
Rest of South America Argentina 1,775,272 La Matanza
8%
Rest of South America Argentina 106,662 Maipú
8%
Rest of South America Venezuela 508,200 Maturín
8%
Brazil São Paulo 415,370 Mogi das Cruzes
8%
Brazil Minas Gerais 393,510 Montes Claros
8%
Rest of South America Chile 147,826 Osorno
8%
Brazil Minas Gerais 64,840 Ouro Preto
8%
Brazil São Paulo 398,510 Piracicaba
8%
Rest of South America Argentina 109,424 Rawson
8%
Rest of South America Argentina 157,010 Río Cuarto
8%
Rest of South America Chile 291,610 San Bernardo
8%
Rest of South America Argentina 58,165 San Vicente
8%
Brazil São Paulo 714,890 São José dos Campos
8%
Brazil Rio Grande do Sul 237,700 São Leopoldo
8%
Brazil Alagoas 59,520 São Miguel dos Campos
8%
Rest of South America Colombia 171,500 Tunja
8%
Rest of South America Argentina 52,789 Viedma
8%
Brazil Espírito Santo 498,890 Vila Velha
8%
Brazil São Paulo 240,890 Americana
7%
Brazil Rio de Janeiro 199,450 Angra dos Reis
7%
Brazil Goiás 589,550 Aparecida de Goiânia
7%
Rest of South America Colombia 83,300 Arauca
7%
Rest of South America Peru 62,100 Barranca
7%
Brazil Minas Gerais 441,540 Betim
7%
Brazil Mato Grosso 82,590 Cáceres
7%
Rest of South America Colombia 67,400 Caldas
7%
Rest of South America Uruguay 95,176 Ciudad de la Costa
7%
Rest of South America Paraguay 71,700 Coronel Oviedo
7%
Brazil Acre 62,770 Cruzeiro do Sul
7%
Rest of South America Chile 126,092 Curicó
7%
Rest of South America Argentina 57,323 Eldorado
7%
Rest of South America Peru 129,100 Huaraz
7%
Brazil Minas Gerais 262,640 Ipatinga
7%
Brazil Rondônia 116,910 Ji-Paraná
7%
Rest of South America Ecuador 95,942 La Libertad
7%
Brazil Rio de Janeiro 256,610 Macaé
7%
Brazil Pará 226,030 Marabá
7%
Rest of South America Argentina 452,505 Moreno
7%
Brazil Pernambuco 56,040 Moreno
7%
Rest of South America Argentina 321,109 Morón
7%
Rest of South America Venezuela 67,400 Morón
7%
Rest of South America Argentina 84,784 Necochea
7%
Rest of South America Colombia 50,000 Pamplona
7%
Brazil Rio Grande do Sul 199,510 Passo Fundo
7%
Rest of South America Argentina 296,826 Pilar
7%
Rest of South America Peru 93,900 Puerto Maldonado
7%
Rest of South America Colombia 147,200 Riohacha
7%
Rest of South America Argentina 292,878 San Isidro
7%
Brazil Bahia 89,230 Santo Antônio de Jesus
7%
Brazil São Paulo 161,960 São Caetano do Sul
7%
Brazil Mato Grosso 121,030 Sinop
7%
Rest of South America Colombia 749,000 Soacha
7%
Rest of South America Peru 162,700 Tarapoto
7%
Brazil Bahia 305,410 Vitória da Conquista
7%
Brazil Rio de Janeiro 273,860 Volta Redonda
7%
Brazil Pará 534,230 Ananindeua
6%
Brazil São Paulo 194,310 Araçatuba
6%
Rest of South America Argentina 55,728 Azul
6%
Rest of South America Venezuela 356,800 Barinas
6%
Rest of South America Colombia 183,700 Barrancabermeja
6%
Brazil Rio de Janeiro 513,120 Belford Roxo
6%
Brazil Rio Grande do Sul 348,210 Canoas
6%
Brazil Paraná 235,240 Colombo
6%
Rest of South America Chile 113,074 Coronel
6%
Brazil Mato Grosso do Sul 100,980 Corumbá
6%
Brazil São Paulo 426,760 Diadema
6%
Brazil Mato Grosso do Sul 208,210 Dourados
6%
Rest of South America Paraguay 97,900 Encarnación
6%
Rest of South America Argentina 162,475 Ezeiza
6%
Rest of South America Argentina 80,614 Gualeguaychú
6%
Brazil São Paulo 322,690 Guarujá
6%
Rest of South America Ecuador 131,856 Ibarra
6%
Rest of South America Peru 70,400 Ilo
6%
Brazil Santa Catarina 211,040 Itajaí
6%
Brazil Pernambuco 691,490 Jaboatão dos Guararapes
6%
Rest of South America Argentina 87,509 Junín
6%
Rest of South America Chile 74,139 Linares
6%
Rest of South America Argentina 616,279 Lomas de Zamora
6%
Rest of South America Paraguay 260,200 Luque
6%
Brazil Rio de Janeiro 233,330 Magé
6%
Brazil São Paulo 477,550 Mauá
6%
Rest of South America Uruguay 51,830 Melo
6%
Rest of South America Argentina 56,116 Mercedes
6%
Brazil Rio Grande do Norte 274,500 Mossoró
6%
Brazil Paraíba 104,540 Patos
6%
Brazil Minas Gerais 141,420 Patos de Minas
6%
Rest of South America Peru 85,600 Pisco
6%
Brazil São Paulo 330,850 Praia Grande
6%
Rest of South America Argentina 91,571 Rafaela
6%
Rest of South America Argentina 70,549 Reconquista
6%
Rest of South America Ecuador 146,324 Riobamba
6%
Brazil São Paulo 202,950 Rio Claro
6%
Rest of South America Argentina 133,602 San Nicolás de los Arroyos
6%
Rest of South America Argentina 76,070 San Ramón de la Nueva Orán
6%
Rest of South America Venezuela 126,400 Santa Lucía
6%
Brazil Paraíba 118,410 Santa Rita
6%
Rest of South America Venezuela 54,600 Santa Rita
6%
Brazil Goiás 68,110 Santo Antônio do Descoberto
6%
Rest of South America Colombia 259,400 Sincelejo
6%
Brazil Ceará 186,170 Sobral
6%
Rest of South America Peru 204,200 Sullana
6%
Rest of South America Uruguay 54,755 Tacuarembó
6%
Rest of South America Chile 148,440 Talcahuano
6%
Brazil Rio de Janeiro 164,510 Teresópolis
6%
Brazil Santa Catarina 96,420 Tubarão
6%
Brazil Minas Gerais 112,330 Ubá
6%
Rest of South America Argentina 269,420 Vicente López
6%
Rest of South America Argentina 79,351 Villa María
6%
Rest of South America Colombia 59,400 Villamaría
6%
Brazil Pará 98,430 Altamira
5%
Brazil Alagoas 197,630 Arapiraca
5%
Brazil São Paulo 231,560 Araraquara
5%
Brazil Rio Grande do Sul 101,570 Bagé
5%
Brazil São Paulo 276,980 Barueri
5%
Rest of South America Argentina 324,156 Berazategui
5%
Brazil Santa Catarina 133,150 Brusque
5%
Rest of South America Paraguay 62,900 Caaguazú
5%
Rest of South America Venezuela 299,700 Cabimas
5%
Brazil Espírito Santo 192,510 Cachoeiro de Itapemirim
5%
Brazil Santa Catarina 80,830 Camboriú
5%
Rest of South America Argentina 86,860 Campana
5%
Rest of South America Colombia 132,700 Cartago
5%
Brazil Minas Gerais 666,690 Contagem
5%
Rest of South America Colombia 67,000 Copacabana
5%
Rest of South America Venezuela 384,900 Cumaná
5%
Brazil Minas Gerais 234,200 Divinópolis
5%
Rest of South America Ecuador 230,839 Durán
5%
Rest of South America Paraguay 180,200 Fernando de la Mora
5%
Rest of South America Colombia 152,500 Florencia
5%
Rest of South America Argentina 56,795 General Pico
5%
Rest of South America Argentina 81,534 General Roca
5%
Rest of South America Colombia 152,600 Girón
5%
Rest of South America Argentina 191,299 Godoy Cruz
5%
Rest of South America Peru 55,100 Huancavelica
5%
Rest of South America Colombia 77,000 Ipiales
5%
Brazil São Paulo 375,010 Itaquaquecetuba
5%
Brazil São Paulo 147,130 Jaú
5%
Brazil Ceará 265,420 Juazeiro do Norte
5%
Brazil Santa Catarina 154,550 Lages
5%
Brazil São Paulo 299,280 Limeira
5%
Rest of South America Chile 60,341 Los Andes
5%
Brazil São Paulo 229,800 Marília
5%
Rest of South America Argentina 527,658 Merlo
5%
Rest of South America Bolivia 107,298 Montero
5%
Rest of South America Peru 79,100 Moquegua
5%
Brazil Rio de Janeiro 167,320 Nova Friburgo
5%
Rest of South America Chile 77,021 Ovalle
5%
Brazil Santa Catarina 172,690 Palhoça
5%
Brazil Alagoas 53,790 Palmeira dos Índios
5%
Rest of South America Colombia 279,500 Palmira
5%
Brazil Paraná 150,520 Paranaguá
5%
Brazil Piauí 144,820 Parnaíba
5%
Rest of South America Argentina 91,399 Pergamino
5%
Brazil São Paulo 164,010 Pindamonhangaba
5%
Rest of South America Ecuador 206,682 Portoviejo
5%
Rest of South America Paraguay 93,600 Presidente Franco
5%
Rest of South America Venezuela 116,300 Puerto Ayacucho
5%
Rest of South America Argentina 82,582 Rivadavia
5%
Brazil Pará 51,950 Santa Izabel do Pará
5%
Brazil Paraná 295,040 São José dos Pinhais
5%
Brazil Minas Gerais 235,970 Sete Lagoas
5%
Brazil São Paulo 289,980 Suzano
5%
Brazil São Paulo 293,650 Taboão da Serra
5%
Rest of South America Peru 97,500 Talara
5%
Brazil São Paulo 311,060 Taubaté
5%
Brazil São Paulo 89,620 Ubatuba
5%
Brazil São Paulo 123,070 Várzea Paulista
5%
Rest of South America Argentina 75,437 Venado Tuerto
5%
Rest of South America Argentina 111,391 Villa Mercedes
5%
Rest of South America Colombia 152,400 Yopal
5%
Rest of South America Argentina 98,522 Zárate
5%
Rest of South America Peru 80,100 Abancay
4%
Rest of South America Argentina 552,139 Almirante Brown
4%
Brazil Tocantins 174,170 Araguaína
4%
Brazil Minas Gerais 105,750 Araxá
4%
Brazil São Paulo 131,140 Atibaia
4%
Brazil Rio de Janeiro 183,150 Barra Mansa
4%
Brazil Bahia 141,340 Barreiras
4%
Brazil São Paulo 119,090 Barretos
4%
Brazil Rio Grande do Sul 114,460 Bento Gonçalves
4%
Rest of South America Argentina 87,698 Berisso
4%
Brazil São Paulo 121,160 Birigui
4%
Rest of South America Colombia 109,800 Buga
4%
Rest of South America Venezuela 50,600 Caicara del Orinoco
4%
Rest of South America Argentina 51,733 Caleta Olivia
4%
Brazil Bahia 290,530 Camaçari
4%
Brazil Paraná 112,180 Campo Largo
4%
Brazil São Paulo 52,080 Campos do Jordão
4%
Brazil Pernambuco 324,310 Caruaru
4%
Rest of South America Colombia 124,300 Chía
4%
Rest of South America Peru 210,500 Chincha Alta
4%
Rest of South America Argentina 58,152 Chivilcoy
4%
Brazil São Paulo 253,610 Cotia
4%
Rest of South America Venezuela 165,600 Cúa
4%
Brazil São Paulo 131,630 Cubatão
4%
Rest of South America Venezuela 215,800 El Tigre
4%
Brazil São Paulo 276,540 Embu das Artes
4%
Rest of South America Argentina 56,463 Ensenada
4%
Rest of South America Colombia 234,100 Envigado
4%
Brazil Rio Grande do Sul 100,490 Erechim
4%
Rest of South America Argentina 426,005 Florencio Varela
4%
Brazil Pernambuco 125,310 Garanhuns
4%
Rest of South America Colombia 105,900 Girardot
4%
Rest of South America Argentina 71,606 Goya
4%
Brazil Espírito Santo 120,980 Guarapari
4%
Brazil Paraná 167,000 Guarapuava
4%
Brazil São Paulo 116,700 Guaratinguetá
4%
Rest of South America Argentina 252,618 Guaymallén
4%
Brazil São Paulo 234,260 Hortolândia
4%
Brazil São Paulo 253,650 Indaiatuba
4%
Brazil Rio de Janeiro 239,650 Itaboraí
4%
Brazil Bahia 208,440 Itabuna
4%
Rest of South America Colombia 265,500 Itagüí
4%
Brazil São Paulo 176,190 Itapecerica da Serra
4%
Brazil São Paulo 240,960 Itapevi
4%
Brazil Santa Catarina 168,110 Jaraguá do Sul
4%
Rest of South America Argentina 265,981 José C. Paz
4%
Rest of South America Uruguay 71,258 Las Piedras
4%
Brazil Espírito Santo 152,010 Linhares
4%
Brazil Mato Grosso 63,020 Lucas do Rio Verde
4%
Brazil Goiás 197,300 Luziânia
4%
Rest of South America Colombia 118,900 Maicao
4%
Brazil Rio de Janeiro 161,960 Maricá
4%
Rest of South America Chile 72,650 Melipilla
4%
Brazil São Paulo 58,780 Mirassol
4%
Brazil São Paulo 87,630 Mogi Mirim
4%
Rest of South America Peru 55,200 Moyobamba
4%
Brazil Rio de Janeiro 162,690 Nilópolis
4%
Rest of South America Argentina 63,960 Oberá
4%
Rest of South America Argentina 89,721 Olavarría
4%
Brazil São Paulo 111,400 Ourinhos
4%
Rest of South America Peru 94,200 Paita
4%
Brazil Amazonas 79,020 Parintins
4%
Brazil Pernambuco 334,380 Paulista
4%
Rest of South America Paraguay 95,000 Pedro Juan Caballero
4%
Brazil Piauí 62,290 Picos
4%
Brazil Paraná 133,490 Pinhais
4%
Brazil São Paulo 116,480 Poá
4%
Brazil Minas Gerais 164,530 Poços de Caldas
4%
Brazil Mato Grosso do Sul 74,870 Ponta Porã
4%
Rest of South America Venezuela 126,500 Porlamar
4%
Rest of South America Venezuela 299,500 Puerto La Cruz
4%
Rest of South America Argentina 58,315 Punta Alta
4%
Rest of South America Venezuela 154,100 Punto Fijo
4%
Rest of South America Ecuador 150,827 Quevedo
4%
Rest of South America Colombia 112,400 Quibdó
4%
Rest of South America Chile 74,238 Quillota
4%
Brazil Rio de Janeiro 124,100 Resende
4%
Rest of South America Bolivia 78,773 Riberalta
4%
Brazil Rio de Janeiro 146,720 Rio das Ostras
4%
Rest of South America Venezuela 82,300 San Carlos del Zulia
4%
Brazil Rio Grande do Sul 68,870 Sant'Ana do Livramento
4%
Rest of South America Venezuela 79,900 Santa Teresa del Tuy
4%
Brazil Rio Grande do Sul 55,310 São Gabriel
4%
Brazil Rio de Janeiro 472,910 São João de Meriti
4%
Brazil Pernambuco 107,300 São Lourenço da Mata
4%
Brazil Espírito Santo 102,850 São Mateus
4%
Brazil São Paulo 89,310 São Sebastião
4%
Brazil Paraná 96,980 Sarandi
4%
Rest of South America Colombia 116,000 Sogamoso
4%
Rest of South America Argentina 340,071 Tres de Febrero
4%
Brazil Mato Grosso do Sul 117,560 Três Lagoas
4%
Rest of South America Colombia 178,000 Tuluá
4%
Rest of South America Colombia 86,600 Tumaco
4%
Rest of South America Colombia 52,500 Turbo
4%
Brazil Mato Grosso 283,100 Várzea Grande
4%
Brazil Rio Grande do Sul 240,840 Viamão
4%
Brazil Rondônia 96,870 Vilhena
4%
Rest of South America Argentina 62,423 Villa Carlos Paz
4%
Rest of South America Paraguay 52,500 Villarrica
4%
Rest of South America Bolivia 61,844 Yacuíba
4%
Rest of South America Colombia 122,000 Zipaquirá
4%
Brazil Bahia 133,110 Alagoinhas
3%
Brazil Rio Grande do Sul 65,450 Alegrete
3%
Rest of South America Venezuela 60,400 Altagracia
3%
Rest of South America Chile 105,884 Alto Hospicio
3%
Brazil Rio Grande do Sul 211,350 Alvorada
3%
Rest of South America Venezuela 138,700 Anaco
3%
Rest of South America Colombia 107,300 Apartadó
3%
Brazil Paraná 128,550 Apucarana
3%
Brazil Paraná 122,050 Arapongas
3%
Brazil São Paulo 128,210 Araras
3%
Brazil Rio de Janeiro 127,670 Araruama
3%
Brazil Paraná 135,270 Araucária
3%
Brazil Rondônia 92,760 Ariquemes
3%
Brazil São Paulo 87,520 Arujá
3%
Brazil São Paulo 100,500 Assis
3%
Rest of South America Ecuador 90,191 Babahoyo
3%
Brazil Maranhão 83,570 Balsas
3%
Brazil São Paulo 63,670 Bertioga
3%
Brazil São Paulo 142,720 Botucatu
3%
Rest of South America Chile 66,180 Buin
3%
Brazil Pernambuco 189,470 Cabo de Santo Agostinho
3%
Brazil Rondônia 67,690 Cacoal
3%
Brazil Rio Grande do Norte 62,620 Caicó
3%
Rest of South America Colombia 64,100 Cajicá
3%
Brazil Goiás 89,550 Caldas Novas
3%
Brazil Paraná 90,540 Campo Mourão
3%
Rest of South America Paraguay 241,000 Capiatá
3%
Brazil São Paulo 118,290 Caraguatatuba
3%
Brazil São Paulo 403,180 Carapicuíba
3%
Brazil Espírito Santo 371,700 Cariacica
3%
Brazil Paraná 52,740 Castro
3%
Brazil Goiás 103,830 Catalão
3%
Brazil São Paulo 121,510 Catanduva
3%
Brazil Ceará 325,690 Caucaia
3%
Brazil Paraná 74,620 Cianorte
3%
Rest of South America Colombia 110,300 Ciénaga
3%
Rest of South America Argentina 77,713 Cipolletti
3%
Rest of South America Venezuela 153,400 Ciudad Ojeda
3%
Rest of South America Argentina 52,837 Clorinda
3%
Brazil Espírito Santo 108,620 Colatina
3%
Rest of South America Chile 89,037 Colina
3%
Brazil Ceará 110,560 Crato
3%
Rest of South America Colombia 112,300 Duitama
3%
Rest of South America Argentina 212,208 Escobar
3%
Rest of South America Argentina 300,745 Esteban Echeverría
3%
Rest of South America Colombia 145,100 Facatativá
3%
Rest of South America Colombia 295,700 Floridablanca
3%
Brazil Paraná 78,790 Francisco Beltrão
3%
Brazil São Paulo 144,170 Franco da Rocha
3%
Rest of South America Colombia 103,300 Funza
3%
Rest of South America Argentina 85,315 General Rodríguez
3%
Brazil Pernambuco 75,760 Gravatá
3%
Brazil Rio Grande do Sul 270,130 Gravataí
3%
Brazil Rio Grande do Sul 96,030 Guaíba
3%
Rest of South America Paraguay 65,200 Hernandarias
3%
Rest of South America Peru 165,900 Huacho
3%
Rest of South America Chile 90,985 Hualpén
3%
Rest of South America Peru 84,800 Huaral
3%
Rest of South America Argentina 181,241 Hurlingham
3%
Brazil Rio Grande do Sul 75,950 Ijuí
3%
Brazil São Paulo 102,140 Itanhaém
3%
Brazil Santa Catarina 65,660 Itapema
3%
Brazil São Paulo 150,250 Itapetininga
3%
Rest of South America Argentina 167,824 Ituzaingó
3%
Brazil São Paulo 232,160 Jacareí
3%
Rest of South America Colombia 130,100 Jamundí
3%
Brazil São Paulo 126,360 Jandira
3%
Brazil Goiás 93,950 Jataí
3%
Brazil Bahia 143,310 Jequié
3%
Rest of South America Argentina 106,441 La Banda
3%
Brazil Sergipe 54,200 Lagarto
3%
Rest of South America Bolivia 76,123 La Guardia
3%
Brazil Rio Grande do Sul 84,720 Lajeado
3%
Rest of South America Argentina 189,067 Las Heras
3%
Rest of South America Ecuador 63,842 Latacunga
3%
Brazil Bahia 201,640 Lauro de Freitas
3%
Brazil São Paulo 102,190 Leme
3%
Brazil São Paulo 77,590 Lins
3%
Brazil São Paulo 86,570 Lorena
3%
Rest of South America Venezuela 230,800 Los Teques
3%
Rest of South America Argentina 82,615 Luján de Cuyo
3%
Rest of South America Colombia 130,100 Malambo
3%
Brazil Ceará 227,880 Maracanaú
3%
Brazil Minas Gerais 53,850 Mariana
3%
Brazil Rio de Janeiro 176,570 Mesquita
3%
Rest of South America Ecuador 133,508 Milagro
3%
Brazil São Paulo 145,280 Mogi Guaçu
3%
Brazil Minas Gerais 94,060 Nova Lima
3%
Brazil São Paulo 52,070 Olímpia
3%
Brazil Pará 89,560 Paragominas
3%
Brazil Rio Grande do Norte 267,040 Parnamirim
3%
Rest of South America Ecuador 52,673 Pasaje
3%
Brazil Paraná 78,890 Pato Branco
3%
Rest of South America Chile 83,064 Peñaflor
3%
Brazil São Paulo 60,890 Penápolis
3%
Brazil São Paulo 68,230 Peruíbe
3%
Rest of South America Venezuela 441,700 Petare
3%
Brazil Minas Gerais 139,670 Pouso Alegre
3%
Rest of South America Argentina 89,882 Presidencia Roque Sáenz Peña
3%
Rest of South America Argentina 80,824 Presidente Perón
3%
Rest of South America Venezuela 191,000 Puerto Cabello
3%
Brazil Rio de Janeiro 151,340 Queimados
3%
Rest of South America Chile 149,596 Quilpué
3%
Brazil Minas Gerais 335,730 Ribeirão das Neves
3%
Brazil São Paulo 124,160 Ribeirão Pires
3%
Rest of South America Bolivia 150,110 Sacaba
3%
Rest of South America Venezuela 68,800 San Joaquín
3%
Brazil Maranhão 84,760 Santa Inês
3%
Brazil São Paulo 142,300 Santana de Parnaíba
3%
Rest of South America Colombia 66,600 Santa Rosa de Cabal
3%
Brazil Rio Grande do Sul 73,020 Santo Ângelo
3%
Rest of South America Argentina 65,684 Santo Tomé
3%
Brazil Santa Catarina 81,350 São Bento do Sul
3%
Brazil Rio Grande do Sul 53,660 São Borja
3%
Brazil Pará 65,260 São Félix do Xingu
3%
Brazil Minas Gerais 65,920 São Sebastião do Paraíso
3%
Brazil São Paulo 125,640 Sertãozinho
3%
Rest of South America Peru 51,300 Sicuani
3%
Brazil Mato Grosso 81,390 Sorriso
3%
Brazil São Paulo 282,840 Sumaré
3%
Rest of South America Argentina 63,196 Tartagal
3%
Brazil Bahia 151,780 Teixeira de Freitas
3%
Brazil Minas Gerais 115,130 Teófilo Otoni
3%
Brazil Maranhão 147,960 Timon
3%
Rest of South America Peru 70,400 Tingo María
3%
Brazil Goiás 124,380 Trindade
3%
Rest of South America Ecuador 53,558 Tulcán
3%
Brazil Paraná 104,430 Umuarama
3%
Brazil Bahia 70,580 Valença
3%
Brazil Rio de Janeiro 66,580 Valença
3%
Rest of South America Venezuela 165,500 Valera
3%
Brazil São Paulo 124,860 Valinhos
3%
Brazil Minas Gerais 132,140 Varginha
3%
Rest of South America Chile 125,327 Villa Alemana
3%
Brazil São Paulo 77,590 Vinhedo
3%
Brazil São Paulo 118,880 Votorantim
3%
Brazil São Paulo 92,670 Votuporanga
3%
Rest of South America Bolivia 77,668 Warnes
3%
Rest of South America Argentina 57,392 Yerba Buena
3%
Rest of South America Peru 77,200 Yurimaguas
3%
Brazil Pernambuco 92,050 Abreu e Lima
2%
Rest of South America Colombia 69,700 Acacías
2%
Brazil Maranhão 85,060 Açailândia
2%
Rest of South America Venezuela 356,700 Acarigua | Araure
2%
Rest of South America Colombia 103,200 Aguachica
2%
Brazil Goiás 217,370 Águas Lindas de Goiás
2%
Brazil Paraná 115,030 Almirante Tamandaré
2%
Brazil São Paulo 57,200 Amparo
2%
Rest of South America Peru 62,100 Andahuaylas
2%
Brazil São Paulo 53,390 Andradina
2%
Brazil Ceará 74,760 Aquiraz
2%
Brazil Minas Gerais 110,080 Araguari
2%
Brazil Pernambuco 68,160 Arcoverde
2%
Brazil São Paulo 87,330 Avaré
2%
Rest of South America Argentina 63,226 Banda del Río Salí
2%
Brazil Minas Gerais 126,480 Barbacena
2%
Brazil Mato Grosso 55,070 Barra do Garças
2%
Brazil Rio de Janeiro 97,760 Barra do Piraí
2%
Rest of South America Argentina 54,698 Barranqueras
2%
Brazil São Paulo 55,700 Batatais
2%
Brazil Paraíba 96,300 Bayeux
2%
Brazil São Paulo 73,900 Bebedouro
2%
Brazil Pará 51,890 Breves
2%
Brazil Paraíba 68,760 Cabedelo
2%
Rest of South America Venezuela 200,000 Cabudare
2%
Brazil São Paulo 81,300 Caçapava
2%
Brazil Rio Grande do Sul 131,240 Cachoeirinha
2%
Rest of South America Venezuela 136,400 Cagua
2%
Brazil São Paulo 100,230 Caieiras
2%
Brazil Paraíba 50,620 Cajazeiras
2%
Rest of South America Colombia 58,400 Calarcá
2%
Brazil Rio Grande do Sul 52,280 Camaquã
2%
Brazil Pernambuco 158,900 Camaragibe
2%
Brazil Paraná 103,150 Cambé
2%
Brazil Pará 60,910 Cametá
2%
Brazil São Paulo 85,540 Campo Limpo Paulista
2%
Brazil Rio Grande do Sul 53,730 Capão da Canoa
2%
Brazil São Paulo 53,280 Capivari
2%
Brazil Rio Grande do Sul 61,150 Carazinho
2%
Rest of South America Venezuela 159,300 Carúpano
2%
Brazil Pará 180,040 Castanhal
2%
Rest of South America Colombia 84,700 Caucasia
2%
Rest of South America Colombia 60,200 Cereté
2%
Rest of South America Colombia 50,600 Chigorodó
2%
Rest of South America Chile 85,863 Chiguayante
2%
Rest of South America Argentina 87,258 Chimbas
2%
Rest of South America Colombia 51,000 Chiquinquirá
2%
Rest of South America Ecuador 52,810 Chone
2%
Brazil Maranhão 84,530 Codó
2%
Rest of South America Bolivia 51,990 Colcapirhua
2%
Brazil Minas Gerais 123,770 Conselheiro Lafaiete
2%
Brazil Ceará 54,340 Crateús
2%
Brazil Rio Grande do Sul 57,800 Cruz Alta
2%
Rest of South America Ecuador 65,145 Daule
2%
Rest of South America Colombia 213,500 Dosquebradas
2%
Rest of South America Colombia 51,200 El Espinal
2%
Rest of South America Venezuela 114,900 El Limón
2%
Rest of South America Peru 51,900 El Pedregal
2%
Rest of South America Venezuela 98,900 El Vigía
2%
Brazil São Paulo 68,040 Embu-Guaçu
2%
Brazil Rio Grande do Sul 83,160 Esteio
2%
Brazil Bahia 106,650 Eunápolis
2%
Brazil Ceará 54,340 Eusébio
2%
Brazil Paraná 94,830 Fazenda Rio Grande
2%
Brazil São Paulo 67,280 Fernandópolis
2%
Brazil São Paulo 187,680 Ferraz de Vasconcelos
2%
Rest of South America Peru 52,000 Ferreñafe
2%
Brazil São Paulo 177,270 Francisco Morato
2%
Rest of South America Colombia 59,800 Fundación
2%
Rest of South America Colombia 132,600 Fusagasugá
2%
Brazil Goiás 66,430 Goianésia
2%
Rest of South America Venezuela 175,400 Guanare
2%
Rest of South America Venezuela 244,600 Guarenas
2%
Rest of South America Venezuela 180,500 Guatire
2%
Brazil Tocantins 85,540 Gurupi
2%
Brazil Paraná 52,500 Ibiporã
2%
Brazil Pernambuco 108,980 Igarassu
2%
Brazil Ceará 79,720 Iguatu
2%
Brazil Pernambuco 72,330 Ipojuca
2%
Brazil Bahia 67,790 Irecê
2%
Brazil Sergipe 74,850 Itabaiana
2%
Brazil Minas Gerais 112,680 Itabira
2%
Brazil Amazonas 68,780 Itacoatiara
2%
Brazil Rio de Janeiro 128,790 Itaguaí
2%
Brazil Pará 73,510 Itaituba
2%
Brazil Minas Gerais 88,860 Itajubá
2%
Brazil Rio de Janeiro 95,710 Itaperuna
2%
Brazil São Paulo 79,900 Itapeva
2%
Brazil Ceará 75,250 Itapipoca
2%
Brazil São Paulo 69,790 Itapira
2%
Brazil São Paulo 103,490 Itatiba
2%
Rest of South America Paraguay 84,400 Itauguá
2%
Brazil Minas Gerais 88,340 Itaúna
2%
Brazil Minas Gerais 100,870 Ituiutaba
2%
Brazil Goiás 101,320 Itumbiara
2%
Brazil São Paulo 54,550 Itupeva
2%
Brazil São Paulo 75,340 Jaboticabal
2%
Brazil Bahia 56,850 Jacobina
2%
Brazil São Paulo 57,030 Jaguariúna
2%
Brazil Minas Gerais 65,300 Janaúba
2%
Brazil Rio de Janeiro 105,550 Japeri
2%
Rest of South America Colombia 64,700 La Dorada
2%
Rest of South America Colombia 65,600 La Estrella
2%
Rest of South America Paraguay 182,700 Lambaré
2%
Brazil Minas Gerais 99,850 Lavras
2%
Brazil São Paulo 67,440 Lençóis Paulista
2%
Rest of South America Paraguay 150,600 Limpio
2%
Brazil Bahia 82,330 Luís Eduardo Magalhães
2%
Brazil Rio Grande do Norte 50,210 Macaíba
2%
Rest of South America Venezuela 73,500 Machiques
2%
Rest of South America Colombia 96,400 Magangué
2%
Rest of South America Venezuela 69,800 Maiquetía
2%
Brazil São Paulo 89,090 Mairiporã
2%
Rest of South America Argentina 322,375 Malvinas Argentinas
2%
Brazil Amazonas 69,620 Manacapuru
2%
Brazil Minas Gerais 74,290 Manhuaçu
2%
Brazil Ceará 99,070 Maranguape
2%
Rest of South America Argentina 50,460 Marcos Paz
2%
Rest of South America Paraguay 105,800 Mariano Roque Alonso
2%
Brazil São Paulo 82,090 Matão
2%
Brazil Goiás 62,170 Mineiros
2%
Brazil São Paulo 63,630 Mococa
2%
Brazil São Paulo 57,400 Mongaguá
2%
Brazil Rio Grande do Sul 59,320 Montenegro
2%
Rest of South America Colombia 148,700 Mosquera
2%
Brazil Minas Gerais 101,210 Muriaé
2%
Brazil Santa Catarina 79,270 Navegantes
2%
Rest of South America Paraguay 144,100 Ñemby
2%
Brazil Sergipe 179,930 Nossa Senhora do Socorro
2%
Brazil Goiás 116,410 Novo Gama
2%
Rest of South America Colombia 116,200 Ocaña
2%
Brazil Ceará 59,980 Pacajus
2%
Rest of South America Chile 55,728 Padre Hurtado
2%
Brazil Pernambuco 50,020 Palmares
2%
Rest of South America Argentina 50,183 Palpalá
2%
Brazil Paraná 84,710 Paranavaí
2%
Brazil Pará 192,460 Parauapebas
2%
Brazil Minas Gerais 109,430 Passos
2%
Brazil Minas Gerais 80,680 Patrocínio
2%
Brazil São Paulo 111,900 Paulínia
2%
Brazil Bahia 102,120 Paulo Afonso
2%
Rest of South America Colombia 150,500 Piedecuesta
2%
Brazil Paraná 56,420 Piraquara
2%
Brazil São Paulo 70,440 Pirassununga
2%
Rest of South America Colombia 75,400 Pitalito
2%
Brazil Goiás 86,130 Planaltina
2%
Brazil Mato Grosso 59,710 Primavera do Leste
2%
Rest of South America Bolivia 117,859 Quillacollo
2%
Brazil Ceará 62,990 Quixadá
2%
Brazil Pará 79,340 Redenção
2%
Brazil São Paulo 50,060 Registro
2%
Brazil Santa Catarina 66,810 Rio do Sul
2%
Brazil São Paulo 51,440 Rio Grande da Serra
2%
Brazil Paraná 63,760 Rolândia
2%
Rest of South America Venezuela 75,800 Rubio
2%
Brazil Ceará 50,780 Russas
2%
Rest of South America Colombia 74,700 Sabanalarga
2%
Rest of South America Colombia 77,400 Sabaneta
2%
Brazil Minas Gerais 133,670 Sabará
2%
Rest of South America Colombia 54,000 Sahagún
2%
Rest of South America Venezuela 78,300 San Antonio de los Altos
2%
Rest of South America Colombia 51,900 San Gil
2%
Rest of South America Ecuador 75,080 Sangolquí
2%
Rest of South America Chile 131,684 San Pedro de la Paz
2%
Rest of South America Colombia 54,400 Santa Cruz de Lorica
2%
Brazil Minas Gerais 219,830 Santa Luzia
2%
Rest of South America Colombia 52,700 Santander de Quilichao
2%
Brazil Sergipe 77,000 São Cristóvão
2%
Brazil Rio Grande do Norte 87,630 São Gonçalo do Amarante
2%
Brazil São Paulo 88,110 São João da Boa Vista
2%
Brazil Minas Gerais 85,560 São João del Rei
2%
Brazil São Paulo 51,380 São Joaquim da Barra
2%
Brazil São Paulo 83,500 São Roque
2%
Brazil Rio Grande do Sul 77,160 Sapiranga
2%
Brazil Rio Grande do Sul 141,280 Sapucaia do Sul
2%
Brazil Rio de Janeiro 85,970 Saquarema
2%
Brazil Goiás 117,990 Senador Canedo
2%
Brazil Rio de Janeiro 68,320 Seropédica
2%
Brazil Bahia 121,710 Simões Filho
2%
Brazil Paraíba 54,970 Sousa
2%
Rest of South America Chile 56,990 Talagante
2%
Brazil Mato Grosso 96,200 Tangará da Serra
2%
Rest of South America Venezuela 109,400 Táriba
2%
Brazil São Paulo 117,160 Tatuí
2%
Brazil Paraná 78,160 Telêmaco Borba
2%
Brazil Rio Grande do Sul 51,360 Tramandaí
2%
Brazil Minas Gerais 72,400 Três Corações
2%
Brazil Rio de Janeiro 79,740 Três Rios
2%
Rest of South America Venezuela 105,600 Tucupita
2%
Brazil São Paulo 62,940 Tupã
2%
Rest of South America Colombia 103,800 Turbaco
2%
Brazil Minas Gerais 68,250 Unaí
2%
Brazil Paraná 54,890 União da Vitória
2%
Rest of South America Venezuela 95,600 Upata
2%
Rest of South America Venezuela 54,100 Ureña
2%
Brazil Rio Grande do Sul 62,230 Vacaria
2%
Rest of South America Bolivia 62,979 Viacha
2%
Brazil Espírito Santo 72,930 Viana
2%
Brazil Minas Gerais 73,990 Viçosa
2%
Rest of South America Venezuela 95,200 Villa de Cura
2%
Rest of South America Paraguay 81,200 Villa Elisa
2%
Rest of South America Argentina 80,769 Villa Gobernador Gálvez
2%
Brazil Pernambuco 121,810 Vitória de Santo Antão
2%
Rest of South America Colombia 95,100 Yumbo
2%
Rest of South America Venezuela 58,200 Zaraza
2%
Brazil Pará 93,570 Abaetetuba
1%
Rest of South America Colombia 50,600 Agustín Codazzi
1%
Brazil Minas Gerais 75,480 Alfenas
1%
Brazil Espírito Santo 90,020 Aracruz
1%
Brazil Santa Catarina 56,750 Araranguá
1%
Brazil Pernambuco 51,500 Araripina
1%
Rest of South America Colombia 57,700 Arjona
1%
Brazil São Paulo 50,110 Artur Nogueira
1%
Brazil Maranhão 81,580 Bacabal
1%
Rest of South America Colombia 55,700 Baranoa
1%
Brazil Maranhão 55,180 Barra do Corda
1%
Rest of South America Venezuela 309,400 Baruta
1%
Brazil Pernambuco 61,650 Belo Jardim
1%
Brazil Pernambuco 51,620 Bezerros
1%
Brazil Santa Catarina 62,980 Biguaçu
1%
Rest of South America Venezuela 59,400 Boconó
1%
Brazil São Paulo 58,480 Boituva
1%
Brazil Santa Catarina 72,250 Caçador
1%
Brazil Rio Grande do Sul 70,030 Cachoeira do Sul
1%
Brazil Rio de Janeiro 51,290 Cachoeiras de Macacu
1%
Rest of South America Venezuela 155,200 Calabozo
1%
Brazil Minas Gerais 51,120 Campo Belo
1%
Brazil Rio Grande do Sul 66,290 Campo Bom
1%
Brazil Bahia 79,920 Candeias
1%
Brazil Pará 55,350 Capanema
1%
Brazil Minas Gerais 76,560 Caratinga
1%
Rest of South America Venezuela 113,600 Carora
1%
Brazil Pernambuco 81,240 Carpina
1%
Brazil Minas Gerais 72,320 Cataguases
1%
Rest of South America Venezuela 141,900 Catia La Mar
1%
Rest of South America Venezuela 79,300 Chacao
1%
Brazil Maranhão 57,820 Chapadinha
1%
Rest of South America Venezuela 145,500 Charallave
1%
Rest of South America Venezuela 64,000 Chivacoa
1%
Brazil Goiás 56,910 Cidade Ocidental
1%
Brazil Amazonas 56,150 Coari
1%
Brazil Minas Gerais 53,850 Congonhas
1%
Brazil Minas Gerais 108,910 Coronel Fabriciano
1%
Rest of South America Colombia 53,500 Corozal
1%
Brazil Alagoas 50,600 Coruripe
1%
Brazil São Paulo 68,240 Cosmópolis
1%
Brazil Bahia 54,130 Cruz das Almas
1%
Brazil Minas Gerais 73,190 Curvelo
1%
Brazil Bahia 77,510 Dias d'Ávila
1%
Rest of South America Venezuela 116,700 Ejido
1%
Rest of South America Venezuela 50,300 El Consejo
1%
Rest of South America Venezuela 57,000 El Tocuyo
1%
Brazil Pernambuco 58,870 Escada
1%
Brazil Sergipe 59,140 Estância
1%
Brazil Rio Grande do Sul 63,210 Farroupilha
1%
Brazil Minas Gerais 61,950 Formiga
1%
Brazil Minas Gerais 51,730 Frutal
1%
Rest of South America Colombia 62,200 Galapa
1%
Brazil Santa Catarina 57,540 Gaspar
1%
Rest of South America Venezuela 196,400 Guacara
1%
Brazil Bahia 67,400 Guanambi
1%
Brazil Rio de Janeiro 59,320 Guapimirim
1%
Brazil Paraíba 52,310 Guarabira
1%
Rest of South America Venezuela 53,800 Guasdualito
1%
Rest of South America Venezuela 78,700 Güigüe
1%
Brazil Minas Gerais 181,740 Ibirité
1%
Brazil São Paulo 58,200 Ibitinga
1%
Brazil Santa Catarina 64,420 Içara
1%
Brazil Santa Catarina 68,410 Indaial
1%
Brazil Minas Gerais 50,270 Itabirito
1%
Brazil Bahia 50,880 Itamaraju
1%
Brazil Bahia 74,550 Itapetinga
1%
Brazil Pará 53,230 Jacundá
1%
Brazil Minas Gerais 80,050 João Monlevade
1%
Rest of South America Colombia 59,600 La Ceja
1%
Brazil Minas Gerais 51,510 Lagoa da Prata
1%
Brazil Minas Gerais 61,190 Lagoa Santa
1%
Rest of South America Venezuela 57,300 Lagunillas
1%
Rest of South America Colombia 94,800 Los Patios
1%
Rest of South America Venezuela 114,800 Mariara
1%
Brazil Pará 132,300 Marituba
1%
Rest of South America Colombia 63,700 Montelíbano
1%
Brazil São Paulo 57,070 Monte Mor
1%
Brazil Mato Grosso do Sul 51,410 Naviraí
1%
Brazil São Paulo 59,960 Nova Odessa
1%
Brazil Minas Gerais 99,790 Nova Serrana
1%
Rest of South America Venezuela 127,600 Ocumare del Tuy
1%
Brazil Ceará 72,620 Pacatuba
1%
Brazil Maranhão 92,780 Paço do Lumiar
1%
Rest of South America Venezuela 128,700 Palo Negro
1%
Brazil Minas Gerais 81,730 Paracatu
1%
Brazil Rio Grande do Sul 55,580 Parobé
1%
Brazil Minas Gerais 55,030 Pedro Leopoldo
1%
Brazil Minas Gerais 55,600 Pirapora
1%
Brazil Minas Gerais 53,400 Ponte Nova
1%
Brazil São Paulo 55,490 Porto Ferreira
1%
Rest of South America Venezuela 113,800 Punta Cardón
1%
Rest of South America Venezuela 57,000 Punta de Mata
1%
Brazil Alagoas 61,590 Rio Largo
1%
Rest of South America Venezuela 53,100 San Juan Bautista
1%
Rest of South America Venezuela 151,600 San Juan de los Morros
1%
Brazil Pernambuco 107,400 Santa Cruz do Capibaribe
1%
Brazil Bahia 61,440 Senhor do Bonfim
1%
Brazil Pernambuco 67,220 Serra Talhada
1%
Rest of South America Venezuela 53,800 Socopó
1%
Brazil Pará 80,680 Tailândia
1%
Brazil São Paulo 54,370 Taquaritinga
1%
Brazil Ceará 50,900 Tianguá
1%
Brazil Minas Gerais 90,440 Timóteo
1%
Rest of South America Venezuela 105,200 Tinaquillo
1%
Brazil Pará 109,590 Tucuruí
1%
Rest of South America Venezuela 379,500 Turmero
1%
Brazil Alagoas 50,270 União dos Palmares
1%
Rest of South America Venezuela 136,400 Valle de la Pascua
1%
Brazil São Paulo 53,470 Vargem Grande Paulista
1%
Brazil Minas Gerais 129,770 Vespasiano
1%
Rest of South America Argentina 52,960 Villa Mariano Moreno
1%
Rest of South America Venezuela 58,200 Villa Rosa
1%
Rest of South America Venezuela 100,200 Yaritagua
1%
Rest of South America Venezuela 63,600 Altagracia de Orituco
0%
Rest of South America Venezuela 64,300 Biruaca
0%
Rest of South America Venezuela 55,300 Cantaura
0%
Rest of South America Venezuela 51,100 Caraballeda
0%
Rest of South America Venezuela 58,100 Carrizal
0%
Rest of South America Venezuela 78,400 Caucagüita
0%
Rest of South America Venezuela 64,500 El Cafetal
0%
Rest of South America Venezuela 83,500 El Cartanal
0%
Rest of South America Venezuela 92,900 El Hatillo
0%
Brazil Bahia 50,860 Itaberaba
0%
Rest of South America Venezuela 77,300 La Dolorita
0%
Rest of South America Venezuela 75,000 Los Dos Caminos
0%
Rest of South America Venezuela 60,400 Puerto Píritu | Píritu
0%
Rest of South America Venezuela 53,200 San Josecito
0%
Rest of South America Venezuela 81,800 San José de Guanipa
0%
Rest of South America Venezuela 65,900 Tacarigua
0%
No matching quizzes found
Score Distribution
Percent of People with Each Score
Percentile by Number Answered
Your Score History
You have not taken this quiz